Statistics for Italy Places in Italian

Click here to take the quiz!

General Stats

  • This quiz has been taken 37 times
  • The average score is 13 of 18

Answer Stats

Italian NameCategoryEnglish Name% Correct
TorinoCityTurin
100%
NapoliCityNaples
97%
GenovaCityGenoa
94%
VeneziaCityVenice
94%
FirenzeCityFlorence
91%
SiciliaRegionSicily
88%
SardegnaRegionSardinia
88%
ToscanaRegionTuscany
85%
VesuvioMountainVesuvius
82%
LombardiaRegionLombardy
82%
ColosseoLandmarkColiseum
79%
PiemonteRegionPiedmont
68%
TevereRiverTiber
65%
Monte BiancoMountainMont Blanc
62%
Canal GrandeLandmarkGrand Canal
62%
ErcolanoCityHerculaneum
24%
LivornoCityLeghorn
18%
CervinoMountainMatterhorn
18%

Score Distribution

Percentile by Number Answered

Percent of People with Each Score

Your Score History

You have not taken this quiz